| 000 | 00803nam a2200193 i 4500 | ||
|---|---|---|---|
| 001 | 180580 | ||
| 003 | ES-MaACL | ||
| 005 | 20230906221133.0 | ||
| 008 | 120614s1975 sp |||| | spa d | ||
| 080 | _a599.3(467.1)(043.2) | ||
| 100 | 1 |
_aSans Coma, Valentín. _9150568 |
|
| 245 | 1 | 0 |
_aContribución al conocimiento de los micromamíferos del nordeste de la Península Ibérica y su interés biológico / _cpor Valentín Sans Coma. |
| 260 |
_aBarcelona : _bUniversidad de Barcelona, Secretariado de Publicaciones, Intercambio Científico y Extensión Universitaria, _c1975. |
||
| 300 |
_a19 p. : _bgrab. ; _c24 cm. |
||
| 502 | _aTesis-Universidad Barcelona (Extracto) | ||
| 650 | 4 |
_aMamíferos- _zCataluña. _9150569 |
|
| 710 | 2 |
_aUniversidad de Barcelona. _97141 |
|
| 852 |
_aES-MaACL _jE-15362(139) |
||
| 999 |
_c180580 _d180580 |
||